MARC

LEADER 00000nam0a2200000 4500
001 367700
005 20231102012017.0
035 |a (RuTPU)RU\TPU\retro\25063 
090 |a 367700 
100 |a 20220321d1934 m y0rusy50 ca 
101 1 |a rus  |c eng 
102 |a RU 
105 |a a j 001zy 
200 1 |a Минеральные месторождения  |e учебное пособие для втузов  |e пер. с англ.  |h Вып. 2  |f В. Линдгрен 
210 |a Москва  |c ОНТИ НКТП СССР  |d 1934 
215 |a 231 с.  |c ил. 
316 |5 63413507: КР-7398  |a На титульном листе книги штамп: «Кабинет Рудных месторождений С.Г.Р.И.» 
317 |5 63413507: КР-7398  |a Поступил в НТБ в 2021 г. в дар от семьи профессора ТПУ Л. П. Рихванова 
320 |a Библиография в конце глав 
606 1 |a Месторождения полезных ископаемых  |x Геология  |2 stltpush  |3 (RuTPU)RU\TPU\subj\42231  |9 61918 
610 1 |a минеральные месторождения 
610 1 |a учебные пособия 
610 1 |a экономическая геология 
610 1 |a минералы 
610 1 |a образование 
610 1 |a рудные скопления 
610 1 |a классификация 
610 1 |a обломочные горные породы 
610 1 |a россыпи 
610 1 |a руды 
610 1 |a механические процессы 
610 1 |a химические процессы 
610 1 |a испарение 
610 1 |a выветривание 
610 1 |a Библиотека Л. П. Рихванова 
610 1 |a дары библиотеке 
675 |a 553(075.8)  |v 3 
700 1 |a Линдгрен  |b В. 
801 1 |a RU  |b 63413507  |c 20090404  |g PSBO 
801 2 |a RU  |b 63413507  |c 20220615  |g RCR 
942 |c BK